Pla de disposició de fons : 2002 2002
Publicado:
Barcelona :
Diputació de Barcelona. Àrea de Règim Interior, Hisenda i Planificació. Tresoreria ,
2002
Descripción Física:
18 f. : taules, gràf. ; 30 cm
MARC
| LEADER | 00000nam a2200000Ia 4500 | ||
|---|---|---|---|
| 001 | 22418 | ||
| 008 | 160829s2002 xx 000 0 cat d | ||
| 080 | |a FU-55-16 | ||
| 245 | |a Pla de disposició de fons : |b 2002 | ||
| 260 | |a Barcelona : |b Diputació de Barcelona. Àrea de Règim Interior, Hisenda i Planificació. Tresoreria, |c 2002 | ||
| 300 | |a 18 f. : |b taules, gràf. ; |c 30 cm | ||
| 610 | 1 | 0 | |a Barcelona (Catalunya : Província). |b Diputació |x Assignacions pressupostàries i despeses |9 53789 |
| 650 | |a Gestió de tresoreria |9 38308 | ||
| 710 | |a Barcelona (Catalunya : Província). |b Àrea de Règim Interior, Hisenda i Planificació |9 53667 | ||
| 710 | 1 | |a Barcelona (Catalunya : Província). |b Servei de Tresoreria |9 55056 | |
| 901 | |a Arxiu | ||
| 942 | |n 1 | ||
| 952 | |0 0 |1 0 |4 0 |6 FU5516 |7 1 |9 48364 |a Arxiu |b Arxiu |d 2016-12-01 |l 0 |o FU-55-16 |p 22418 |r 2016-12-01 00:00:00 |w 2016-12-01 |y ARXIU | ||
| 999 | |c 52170 |d 52170 | ||